000 00391nam a2200169Ia 4500
001 629
003 IN-NITTTR
005 20251114232900.0
008 251113s9999||||xx |||||||||||||| ||eng||
040 _beng
040 _cIN-NITTTR
041 _aeng
082 _a669.94 B531P
100 _aBirchenall, Ernest C.
245 0 _aPhysical metallurgy. /
_cBirchenall, Ernest C.
942 _2ddc
_cBK
999 _c248
_d248